000 00464cam a2200181ua 4500
003 OSt
008 250320b |||||||| |||| 00| 0 eng d
041 _aeng
082 _a621.9
_bHAJ/EL
100 _aHajra Choundhury, A K .
_97324
245 _aElements of worshop technology /
250 _a1 /
260 _a :
_bMedia promoters &Pub.Ltd ,
_c1985.
300 _a645 ; .
700 1 _aBhattacary, S.C .
_97325
700 1 _aBose, S K .
_91293
942 _cBK
999 _c2107
_d2107